A journey through statistical physics : (Record no. 8700)
[ view plain ]
| 000 -LEADER | |
|---|---|
| fixed length control field | 00920cam a22002657i 4500 |
| 001 - CONTROL NUMBER | |
| control field | 15334482 |
| 003 - CONTROL NUMBER IDENTIFIER | |
| control field | OSt |
| 005 - DATE AND TIME OF LATEST TRANSACTION | |
| control field | 20240621130513.0 |
| 008 - FIXED-LENGTH DATA ELEMENTS--GENERAL INFORMATION | |
| fixed length control field | 080618t20092009ne a b 000 0 eng |
| 010 ## - LIBRARY OF CONGRESS CONTROL NUMBER | |
| LC control number | 2008931411 |
| 015 ## - NATIONAL BIBLIOGRAPHY NUMBER | |
| National bibliography number | GBA890990 |
| Source | bnb |
| 016 7# - NATIONAL BIBLIOGRAPHIC AGENCY CONTROL NUMBER | |
| Record control number | 014674277 |
| Source | Uk |
| 020 ## - INTERNATIONAL STANDARD BOOK NUMBER | |
| International Standard Book Number | 9781402088865 |
| 040 ## - CATALOGING SOURCE | |
| Original cataloging agency | DDC |
| Transcribing agency | MUST |
| 082 04 - DEWEY DECIMAL CLASSIFICATION NUMBER | |
| Classification number | 530.13 JOU 2009 |
| Edition number | 22 |
| 100 1# - MAIN ENTRY--PERSONAL NAME | |
| Personal name | Fröhlich, Jürg. |
| 9 (RLIN) | 17591 |
| 245 12 - TITLE STATEMENT | |
| Title | A journey through statistical physics : |
| Remainder of title | from foundations to the quantum hall effect : selecta of Jürg Fröhlich / |
| Statement of responsibility, etc. | Eited by G. Felder, G.M. Graf and K. Hepp. |
| 260 ## - PUBLICATION, DISTRIBUTION, ETC. (IMPRINT) | |
| Place of publication, distribution, etc. | London |
| Name of publisher, distributor, etc. | Springer |
| Date of publication, distribution, etc. | c2009 |
| 300 ## - PHYSICAL DESCRIPTION | |
| Extent | lxxvii, 857p. : |
| Other physical details | ill; |
| Dimensions | 24 cm |
| 504 ## - BIBLIOGRAPHY, ETC. NOTE | |
| Bibliography, etc | Includes bibliographical references |
| 650 #0 - SUBJECT ADDED ENTRY--TOPICAL TERM | |
| Topical term or geographic name as entry element | Statistical physics. |
| 9 (RLIN) | 8058 |
| 650 #7 - SUBJECT ADDED ENTRY--TOPICAL TERM | |
| Topical term or geographic name as entry element | Statistical physics. |
| Source of heading or term | fast |
| Authority record control number | (OCoLC)fst01132076 |
| 9 (RLIN) | 8058 |
| 700 1# - ADDED ENTRY--PERSONAL NAME | |
| Personal name | Felder, Giovanni, Graf, G. M. and Hepp, Klaus |
| 9 (RLIN) | 17592 |
| 942 ## - ADDED ENTRY ELEMENTS (KOHA) | |
| Source of classification or shelving scheme | Dewey Decimal Classification |
| Koha item type | Open Shelf |
| Withdrawn status | Lost status | Source of classification or shelving scheme | Damaged status | Not for loan | Home library | Current library | Source of acquisition | Inventory number | Total Checkouts | Full call number | Barcode | Date last seen | Koha item type |
|---|---|---|---|---|---|---|---|---|---|---|---|---|---|
| Other/Generic Classification Scheme | MUST Main Library | MUST Main Library | Donation | 11/35268 | 530.13 JOU 2009 | 2024-21008 | 21/06/2024 | Open Shelf |
